Die häufigsten deutschen Vornamen in den 1900er Jahren - Statistiken

Allgemein
  • Dieses Quiz wurde 2.141 mal gespielt
  • Das Durchschnittsergebnis liegt bei 11 aus 40
Antwortstatistiken
Platz Frauen % Korrekt
14 Maria
61%
2 Anna
59%
3 Hans
54%
2 Karl/Carl
54%
7 Paul
47%
4 Wilhelm
45%
11 Friedrich
44%
16 Franz
43%
12 Marie
41%
7 Elisabeth
39%
6 Otto
39%
5 Heinrich
38%
20 Johannes
36%
17 Fritz
32%
13 Emma
27%
1 Walter/Walther
27%
1 Gertrud
24%
8 Hermann
24%
15 Herbert
23%
19 Johanna
23%
15 Luise/Louise
19%
3 Martha/Marta
18%
5 Erna
17%
9 Ernst
17%
4 Frieda/Frida
17%
12 Kurt/Curt
17%
18 Rudolf/Rudolph
17%
14 Alfred
16%
20 Berta/Bertha
16%
16 Charlotte
16%
10 Willi/Willy
16%
13 Erich
15%
6 Margarethe/Margarete
15%
19 Richard
14%
9 Else
11%
11 Helene
11%
17 Elsa
10%
18 Hedwig
9%
8 Herta/Hertha
9%
10 Käthe/Kaethe
7%
Keine übereinstimmenden Quizze gefunden
Verteilung der Resultate
Anzahl Personen mit jedem Resultat
Perzentil nach korrekt beantworteten Fragen
Ihre Resultats-Entwicklung
Sie haben dieses Quiz noch nicht gespielt